Statistiken für Darts-Order of Merit Top 50

Klicken Sie hier um das Quiz zu spielen!

Allgemein

  • Dieses Quiz wurde 3.170 mal gespielt
    (671 seit der letzten Aktualisierung)
  • Das Durchschnittsergebnis liegt bei 26 aus 50

Antwortstatistiken

PlatzierungSpieler% Korrekt
2.Michael van Gerwen
99%
1.Luke Humphries
98%
3.Michael Smith
97%
31.Luke Littler
96%
17.Ross Smith
94%
5.Gerwyn Price
93%
22.Gabriel Clemens
92%
8.Peter Wright
92%
23.Martin Schindler
91%
6.Rob Cross
89%
4.Nathan Aspinall
88%
27.Gary Anderson
81%
14.Dimitri Van den Bergh
67%
29.Raymond van Barneveld
67%
16.Stephen Bunting
66%
9.Jonny Clayton
65%
12.Joe Cullen
63%
7.Danny Noppert
61%
10.Dave Chisnall
59%
11.Damon Heta
58%
15.Chris Dobey
56%
19.James Wade
56%
13.Dirk van Duijvenbode
53%
30.Scott Williams
53%
36.Ricardo Pietreczko
52%
40.Jim Williams
51%
28.Brendan Dolan
50%
26.Daryl Gurney
45%
20.Ryan Searle
44%
44.Simon Whitlock
42%
25.Jose de Sousa
41%
21.Josh Rock
41%
18.Andrew Gilding
40%
32.Kim Huybrechts
38%
43.Gian Van Veen
32%
24.Krzysztof Ratajski
32%
46.Ricky Evans
31%
33.Madars Razma
26%
49.Rowby John Rodriguez
26%
42.William O'Connor
24%
47.Jermaine Wattimena
23%
34.Callan Rydz
22%
35.Martin Lukeman
21%
39.Mike De Decker
21%
50.Steve Beaton
20%
45.Alan Soutar
19%
38.Luke Woodhouse
17%
37.Ryan Joyce
16%
41.Keane Barry
13%
48.Matt Campbell
11%

Verteilung der Resultate

Perzentil nach korrekt beantworteten Fragen

Anzahl Personen mit jedem Resultat

Ihre Resultats-Entwicklung

Sie haben dieses Quiz seit der letzten Aktualisierung nicht gespielt